| 000 | 00478nam a2200193Ia 4500 | ||
|---|---|---|---|
| 008 | 170918s9999 xx 000 0 und d | ||
| 020 | _a9780439711203 | ||
| 050 | _bB344 2004 | ||
| 100 | _aBauer, Marion Dane | ||
| 245 | _aClouds / | ||
| 245 | _cby Marion Dane Bauer ; illustrated by John Wallace. | ||
| 260 | _aNew York : | ||
| 260 | _bScholastic, | ||
| 260 | _c2004 | ||
| 300 | _a32 pages : | ||
| 300 | _bcolored illustration ; | ||
| 300 | _c23cm. | ||
| 500 | _a240 | ||
| 999 |
_c343027 _d343027 |
||